=LDR 00000nam 2200000 4500 =001 INLIS000000000006631 =005 20251112085235 =035 ##$$a 0010-1125000505 =007 ta =008 251112###########################0#eng## =082 ##$$a 363.9 =084 ##$$a 363.9 OZZ p =100 #$$a Ozzie =245 1#$$a Population Policy Analysis and Development Planning =260 ##$:$b Badan Koordinasi Keluarga Berencana Nasional =300 ##$$a 9 Hal : $b Ilus ; $c 21 =650 #4$$a Keluarga Berencana =856 ##$$a Perpustakaan Kemendukbangga